New frontiers in the economics of innovation and new technology essays in honour of Paul A. David

Uložené v:
Podrobná bibliografia
Ďalší autori: Antonelli, Cristiano
Médium: Kniha
Jazyk:English
Vydavateľské údaje: Cheltenham Edward Elgar 2006
Predmet:
Tagy: Pridať tag
Žiadne tagy, Buďte prvý, kto otaguje tento záznam!

MARC

LEADER 00000nam$a2200000$$$4500
001 0100514
005 20221207101218.4
020 |a 978-1-84720-323-6 
041 0 |a eng 
044 |a GB 
245 1 0 |a New frontiers in the economics of innovation and new technology  |b essays in honour of Paul A. David  |c edited by Cristiano Antonelli ... [et al.] 
264 1 |a Cheltenham  |b Edward Elgar  |c 2006 
300 |a 485 s. 
610 2 0 |a technológie nové 
610 2 0 |a inovácia 
610 2 0 |a ekonomika vedomostná 
700 1 |a Antonelli, Cristiano